| 000 | 00496cam a2200205ua 4500 | ||
|---|---|---|---|
| 001 | 7504 | ||
| 005 | 20260515114224.0 | ||
| 008 | 141211n ii |||gr||||Z||||||ben | ||
| 040 | _cMAIN | ||
| 041 | _aben | ||
| 082 | _a891.444 | ||
| 100 |
_aDasgupta, N., _eAuthor. |
||
| 245 | 1 |
_aPuratani _cBy Nalininath Dasgupta |
|
| 250 | _a1st. | ||
| 260 |
_aKolkatta: _bSambudhi, _c1969. |
||
| 300 | _a200p. | ||
| 653 | _aEast Indo-European & Celtic literatures | ||
| 653 | _aBengali essays | ||
| 942 | _cBK | ||
| 999 |
_c6622 _d6622 |
||